Advances in nitrile rubber technology (1978 reviews) (Record no. 53878)

MARC details
000 -LEADER
fixed length control field 00395nam a2200145Ia 4500
100 ## - MAIN ENTRY--AUTHOR NAME
Personal name Dunn J R
245 #0 - TITLE STATEMENT
Title Advances in nitrile rubber technology (1978 reviews)
260 ## - PUBLICATION, DISTRIBUTION, ETC. (IMPRINT)
Name of publisher Rubber Chemistry and Technology
Year of publication 1978
650 ## - SUBJECT ADDED ENTRY--TOPICAL TERM
Topical Term 1978 reviews
650 ## - SUBJECT ADDED ENTRY--TOPICAL TERM
Topical Term Nitrile rubber
700 ## - ADDED ENTRY--PERSONAL NAME
Personal name Coulthard D C
700 ## - ADDED ENTRY--PERSONAL NAME
Personal name Pfisterer K A
942 ## - ADDED ENTRY ELEMENTS (KOHA)
Koha item type Journals
Holdings
Withdrawn status Lost status Damaged status Not for loan Home library Current library Date acquired Serial Enumeration / chronology Koha item type
      Journals RRII Library RRII Library 17/12/2021 Volume 51, Issue 3 Journals